000 00290nam a22001337a 4500
008 170717b xxu||||| |||| 00| 0 eng d
020 _a9790024121416
041 _aeng
080 _a2
100 _a24
101 _aTEO
245 _aTHE RELIGIOUS EXPERIENCE
_cSMART, N
942 _2udc
_cBK
999 _c21284
_d21284